000 00768nam a2200253Ia 4500
003 OSt
005 20220927110501.0
006 a|||||r|||| 00| 0
007 ta
008 220926b |||||||| |||| 00| 0 eng d
024 _a105078
037 _cReports
040 _aRTL
_cRTL
_beng
041 _2eng
_aeng
082 _a"X9(J938):51.2.N60t, K0/GD"
110 _aAggricultural Marketing
_9378742
245 0 _aReport on green Peas in India
260 _aDelhi
_bManager of Publications India
_c1960
490 _aAgricultural marketing series. 127.
650 _aVegetable Industry
_9360393
700 _aAggricultural Marketing
_9378743
942 _h"X9(J938):51.2.N60t, K0/GD"
_cCC
999 _c696978
_d696978